000
00185 a2200097 4500
020
_a
9781558854901
041
_a
spa
100
_a
Victor Villaseǫr
245
_a
ŁMacho!
942
_c
BK
999
_c
28967
_d
28965